000 00881nam a22002897a 4500
003 CHAP
005 20220329135238.0
008 971013s1883 r 00010 d
010 _a33233
011 _a34205
035 _a38321
040 _cCHAP
082 _a638.2
_bN8
100 0 0 _aNúñez Ortega, C.
_981965
245 _aApuntes históricos sobre el cultivo de la seda en México
260 _aBruselas :
_bGustavo Mayolez,
_c1883
300 _a69 p.
590 _aBATCH-UPD
_b10
_c20130110
_lUCH01
_h2124
590 _aBATCH-UPD
_b10
_c20130410
_lUCH01
_h1434
590 _aBATCH-UPD
_b10
_c20130914
_lUCH01
_h1842
590 _aCONVERSION
_b10
_c20130109
_lUCH01
_h1319
650 1 4 _aSericultura.
_9104550
901 _aBK
942 _cLIBRO
949 _a638.2 N8
_bBC
_cBPP
_d-87620
_eBPP
_h24827
_i38321
_si
949 _a638.2 N8
_bBC
_cBPP
_d-87621
_eBPP
_fc.2
_h24828
_i38321
_si
999 _c33233
_d33233